The art of reading

Bibliographic Details
Format: Book
Published: New YorkbPenguin Group , 2005
Series:Reading is fundamental
Subjects:

MARC

LEADER 00000cam a2200000 7i4500
001 0000005090
005 20151222.0
008 070801
020 |a 0525474846 
090 0 0 |a JF   |b BIO ENG (6097) 
245 1 4 |a The art of reading 
260 |a New YorkbPenguin Group ,   |c 2005 
440 |a Reading is fundamental 
500 |a Children ages 7-9 years old (orange) 
650 0 |a Biography 
650 0 |a Junior fiction   |x English   |x Languages 
999 |a 0000973258   |b Book   |c Children Collection   |e Cawangan Segamat